000 01376cam a22003857a 4500
003 CHAP
005 20220817043745.0
008 010220d2000 lk a r 00110 eng d
010 _a83578
011 _a84550
020 _a9290904216
035 _a95071
040 _cCHAP
090 _aFolleto 16116
100 0 0 _aShah, Tushaar.
_9105453
245 1 0 _aPedaling out of poverty :
_bsocial impact of a manual irrigation technology in South Asia
_c/by Tushaar Shah, [and others]
260 _aColombo, Sri Lanka :
_bInternational Water Management Institute,
_cc.2000.
300 _a36 p. :
_bilus. ; gráfs.
410 _aInternational Water Management Institute
490 0 _aResearch report
_v; 45
590 _aBATCH-UPD
_b10
_c20130110
_lUCH01
_h0217
590 _aBATCH-UPD
_b10
_c20130110
_lUCH01
_h0815
590 _aBATCH-UPD
_b10
_c20130409
_lUCH01
_h2236
590 _aBATCH-UPD
_b10
_c20130410
_lUCH01
_h1410
590 _aBATCH-UPD
_b10
_c20130914
_lUCH01
_h1652
590 _aCONVERSION
_b10
_c20130109
_lUCH01
_h1346
650 1 4 _aIrrigación
_xAsia.
_960372
650 1 4 _aIrrigación
_xInnovaciones tecnológicas.
_960424
810 0 0 _aInternational Water Management Institute
830 0 _aResearch report
_v; 45
_996080
901 _aBK
905 _aPatricia Mendoza P.
942 _cFOLL
949 _aFolleto 16116
_bBC
_cFOLL
_d950711
_eTS1
_i95071
_kDonaciØn
_sb
999 _c83578
_d83578